Výsledky ekonomického výzkumu sborník příspěvků z konference doktorandů na Vysoké škole finanční a správní : Praha, 10. prosince 2014 : [2. ročník]

Salvato in:
Dettagli Bibliografici
Ente Autore: Výsledky ekonomického výzkumu. Konference doktorandů
Altri autori: Helísek, Mojmír
Natura: Libro
Lingua:ceco
slovacco
inglese
Pubblicazione: Praha Vysoká škola finanční a správní 2014
Edizione:1. vyd.
Soggetti:
Tags: Aggiungi Tag
Nessun Tag, puoi essere il primo ad aggiungerne!!

MARC

LEADER 00000nam a2200000 4500
001 0200429
005 20240315114755.4
020 |a 978-80-7408-107-1 
041 0 |a cze 
041 0 |a slo 
041 0 |a eng 
044 |a CZ 
245 1 0 |a Výsledky ekonomického výzkumu  |b sborník příspěvků z konference doktorandů na Vysoké škole finanční a správní : Praha, 10. prosince 2014 : [2. ročník]  |c Mojmír Helísek (ed.) 
250 |a 1. vyd. 
264 1 |a Praha  |b Vysoká škola finanční a správní  |c 2014 
300 |a 27 s.  |e 1 CD-ROM 
610 2 0 |a výskum ekonomický 
610 2 0 |a veda ekonomická 
610 2 0 |a stratégia podnikateľská 
610 2 0 |a bankovníctvo 
610 2 0 |a inovácia 
610 2 0 |a manažment 
610 2 0 |a reformy 
610 2 0 |a politika obchodná 
610 2 0 |a investície 
610 2 0 |a kríza hospodárska 
610 2 0 |a porovnanie medzinárodné 
610 2 0 |a Česko 
610 2 0 |a Slovensko 
700 1 |a Helísek, Mojmír 
110 2 |a Výsledky ekonomického výzkumu. Konference doktorandů